000 02345cam a2200469 i 4500
999 _c41435
_d41435
001 21545627
003 OSt
005 20220106145309.0
006 m |o d |
007 cr||||||||||||
008 180709s2019 flu ob 001 0 eng
010 _a 2019717268
020 _z9781498757966
_qhardback : alk. paper
020 _a9781315119175
_qebook
020 _a9781498758017
_qepub
020 _a9781351632836
_qmobi/kindle
040 _aDLC
_beng
_erda
_cDLC
_dDLC
050 0 0 _aHV8073
082 0 0 _a363.25
_223
_bHAR/I
100 1 _aHarris, Howard A.
_eauthor.
_99003
245 1 0 _aIntroduction to forensic science and criminalistics /
_cHoward A. Harris and Henry C. Lee.
250 _aSecond edition.
264 1 _aBoca Raton, FL :
_bCRC Press,
_c[2019]
300 _a419 pages
336 _atext
_btxt
_2rdacontent
337 _acomputer
_bc
_2rdamedia
338 _aonline resource
_bcr
_2rdacarrier
500 _aRevised edition of : Introduction to forensics and criminalistics / R.E. Gaensslen, Howard A. Harris, Henry Lee, c2008.
504 _aIncludes bibliographical references and index.
505 0 _aPhysical evidence in the legal system -- Crime scene processing and analysis -- Examination and interpretation of patterns for reconstruction -- Examination of physical pattern evidence -- Fingerprints and other personal identification patterns -- Questioned document examination -- Toolmarks and firearms -- Digital evidence and computer forensics -- Blood and physiological fluid evidence: evaluation and initial examination -- Dna analysis and typing -- Arson and explosives -- Drugs and drug analysis -- Materials evidence.
588 _aDescription based on print version record.
650 0 _aCriminal investigation.
650 0 _aCrime scenes.
650 0 _aForensic sciences.
650 0 _aEvidence, Criminal.
700 1 _aLee, Henry C.,
_eauthor.
700 1 _aGaensslen, R. E.
_q(Robert E.)
_tIntroduction to forensics & criminalistics.
776 0 8 _iPrint version:
_tIntroduction to forensic science and criminalistics
_dBoca Raton, FL : CRC Press, [2019]
_z9781498757966 (hardback : alk. paper)
_w(DLC) 2018032539
906 _a7
_bcbc
_corigcop
_d1
_eecip
_f20
_gy-gencatlg
942 _2ddc
_cBK
_h363.25
_iHAR/I
_k363.25
_mHAR/I